Anagramas - Provincias de España - Estadísticas

Estadísticas generales
  • Esta prueba ha sido intentada 7.469 veces
  • La puntuación promedio es 14 de 20
Estadísticas de respuestas
Provincia % Correcto
León
93%
Lugo
93%
Zaragoza
93%
Cádiz
92%
Jaén
92%
Málaga
91%
Álava
90%
Ávila
89%
Badajoz
87%
Guadalajara
86%
Madrid
86%
Burgos
84%
Huelva
84%
Vizcaya
84%
Toledo
83%
Zamora
83%
A Coruña
82%
Córdoba
82%
Valladolid
82%
Granada
78%
Guipúzcoa
78%
Teruel
78%
Navarra
75%
Cáceres
74%
Murcia
74%
Soria
73%
Cuenca
72%
Huesca
71%
Valencia
71%
La Rioja
68%
Salamanca
68%
Segovia
67%
Las Palmas
63%
Barcelona
62%
Pontevedra
61%
Tarragona
60%
Sevilla
59%
Albacete
57%
Almería
57%
Lérida
57%
Palencia
51%
Asturias
49%
Cantabria
49%
Ourense
45%
Gerona
44%
Islas Baleares
44%
Alicante
41%
Castellón
41%
Ciudad Real
35%
Santa Cruz de Tenerife
32%
No se encontraron pruebas coincidentes
Distribución de puntuación
Porcentaje de gente con cada puntuación
Porcentaje por número respondido
Historial de tus puntuaciones
No has intentado esta prueba.